| 000 | 00342nam a22001217a 4500 | ||
|---|---|---|---|
| 082 | _a220 PRO | ||
| 100 |
_aSIKANDER,RAFEY,NADEEM,ASAD _971798 |
||
| 245 | _aPR-SOF-1218-LOW DENSITY PARITY CHECK CODES | ||
| 260 |
_aISLAMABAD _bNUST COLLEGE OF EME _c2012 |
||
| 650 |
_aDE-COMP-30 _971799 |
||
| 700 |
_aSUPERVISOR SAJID GUL _971800 |
||
| 942 | _cCR | ||
| 999 |
_c578122 _d578122 |
||